000 01123nam a22002417a 4500
003 SEM
005 20260121112141.0
008 251205s2022 ai ||||gr||||||01|||arm|d
020 _a9789953065465
040 _aSEM
_cSEM
041 _aarm
082 _a220/Ա-76
100 _aՃաշ, Սուզըն ; Շնըրլ, Քրիստինա
245 _aՄանուկներու Աստուածաշունչը միասին կարդանք եւ պատմենք /
_cՍ․ Ճաշ ; Ք․ Շնըրլ ; Գծագր․՝ Մ․ Ուէպըր ; Արաբական ծոցի Աստուածաշունչի ընկերութիւն
246 _a[Մանուկների Աստվածաշունչը միասին կարդանք և պատմենք]
260 _a [Լիբանան] ։
_b«Վահէ Սէթեան» հրատ,
_c2025․
300 _a143 էջ ;
_bնկ․ ;
_c23 սմ
650 _aԱստվածաշունչ
_xՄանուկների Աստվածաշունչ
653 _aՍԷՄ
700 _aՈւէպըր, Մաթիաս
_eգծագրող
710 _aԱրաբական ծոցի Աստուածաշունչի ընկերութիւն
942 _2ddc
_cBK
_n0
999 _c77111
_d77111